000 00480cam a2200193ua 4500
001 7344
008 141208n ii |||gr||||Z||||||ben
040 _cMAIN
041 _aben
082 _a891.441
100 _aSarma, S.,
_eEditor.
245 _aKabya manjuri
_cEdited by Satyandranath Sarma
250 _a1st.
260 _aGuwahati:
_bAssam Akademi,
_c1962.
300 _a159p.
653 _aEast Indo-European & Celtic literatures
653 _aBengali poems
942 _cBK
999 _c6469
_d6469